Normal view
MARC view
- Commissie voor de milieueffectrapportage (Netherlands)
Entry Corporate Name
001 - CONTROL NUMBER
- control field: 2604
003 - CONTROL NUMBER IDENTIFIER
- control field: NUST
005 - DATE AND TIME OF LATEST TRANSACTION
- control field: 20170614095337.0
008 - FIXED-LENGTH DATA ELEMENTS
- fixed length control field: 170614|| aca||aabn | a|a d
040 ## - CATALOGING SOURCE
- Original cataloging agency: NUST
- Transcribing agency: NUST
110 ## - HEADING--CORPORATE NAME
- Corporate name or jurisdiction name as entry element: Commissie voor de milieueffectrapportage (Netherlands)
670 ## - SOURCE DATA FOUND
- Source citation: Work cat.: (NUST)0: Fischer, Thomas B., 1965- 2597, Environmental impact assessment course curriculum for Higher education institutions in Pakistan /
